[Event "CZE-chT2C 1617"]
[Site "Czech Republic"]
[Date "2016.11.13"]
[Round "3.6"]
[White "Slajs, Pavel"]
[Black "Skalicky, Tomas"]
[Result "0-1"]
[WhiteElo "1843"]
[BlackElo "2162"]
[PlyCount "66"]
[EventDate "2016.10.09"]
[EventType "team-tourn"]
[EventRounds "11"]
[EventCountry "CZE"]
[SourceTitle "EXT 2022"]
[Source "ChessBase"]
[SourceDate "2021.10.06"]
[SourceVersion "1"]
[SourceVersionDate "2021.10.06"]
[SourceQuality "1"]
[WhiteTeam "Prachatice"]
[BlackTeam "Ricany"]
[WhiteTeamCountry "CZE"]
[BlackTeamCountry "CZE"]

1. d4 d5 2. c4 e6 3. Nc3 Nf6 4. Nf3 c6 5. Bg5 dxc4 6. e3 b5 7. a4 Bb4 8. axb5 cxb5 9. Be2 Bb7 10. 0-0 a6 11. Qc2 Nbd7 12. Ne5 0-0 13. Nxd7 Qxd7 14. Bxf6 gxf6 15. Ne4 Qe7 16. f4 f5 17. Ng3 Kh8 18. Bf3 Rac8 19. Rac1 c3 20. Bxb7 Qxb7 21. Rfd1 Qd5 22. Ne2 cxb2 23. Qxb2 a5 24. Nc3 Bxc3 25. Rxc3 Rc4 26. Rxc4 bxc4 27. Ra1 Ra8 28. Ra4 Kg8 29. Qc3 h6 30. Rxc4 a4 31. Rc8+ Rxc8 32. Qxc8+ Kg7 33. Qc3 Qb3 0-1